000 00300nam a22001097a 4500
008 160430b xxu||||| |||| 00| 0 eng d
020 _a0314844325
041 _aeng
080 _a612.39
245 _aNutrition concepts controveries:
_cEva May Nunnelley Hamilton; Eleanor Noss Whitney;
942 _2udc
_cBK
999 _c1709
_d1709